[Event "Titled Tuesday intern op 27th Jun Late"]
[Site "Chess.com INT"]
[Date "2023.06.27"]
[Round "11"]
[White "Harshavardhan, GB."]
[Black "Ballester Llagaria, Luis Eduardo"]
[Result "1-0"]
[WhiteElo "2408"]
[BlackElo "2298"]
[PlyCount "101"]
[EventDate "2023.06.27"]
[EventType "swiss (blitz)"]
[EventRounds "11"]
[EventCountry "USA"]
[SourceTitle "EXT 2024"]
[Source "ChessBase"]
[SourceDate "2023.10.10"]
[SourceVersion "1"]
[SourceVersionDate "2023.10.10"]
[SourceQuality "1"]

1. d4 d5 2. c4 dxc4 3. e4 b5 4. a4 c6 5. axb5 cxb5 6. Nc3 a6 7. Nxb5 axb5 8. Rxa8 Bb7 9. Ra1 e6 10. Nf3 Nf6 11. e5 Ne4 12. Be2 Bb4+ 13. Kf1 0-0 14. h4 Qd5 15. h5 h6 16. Be3 Nc6 17. Rh4 Rd8 18. Qc1 Ne7 19. Bxh6 Nf5 20. Rg4 Kh7 21. Bxg7 Bd2 22. Qb1 Rg8 23. h6 Bxh6 24. Rxe4 Qxe4 25. Qxe4 Bxe4 26. Bxh6 Kxh6 27. Ra7 Bxf3 28. Bxf3 Nxd4 29. Rxf7 Rc8 30. Bg4 b4 31. Bxe6 c3 32. bxc3 Rxc3 33. Rf6+ Kg7 34. f4 b3 35. Rf7+ Kg6 36. f5+ Kg5 37. Bxb3 Rxb3 38. f6 Ne6 39. Re7 Kf5 40. f7 Rb1+ 41. Kf2 Rb2+ 42. Ke1 Rb8 43. Re8 Rb1+ 44. Kd2 Rb2+ 45. Kc3 Rxg2 46. Rxe6 Rg3+ 47. Kd4 Rg4+ 48. Kd5 Rg1 49. f8Q+ Kg4 50. Qg7+ Kh3 51. Qxg1 1-0

[Event "Titled Tuesday intern op 02nd May Late"]
[Site "Chess.com INT"]
[Date "2023.05.02"]
[Round "2"]
[White "Kamsky, Gata"]
[Black "Ballester Llagaria, Luis Eduardo"]
[Result "1-0"]
[WhiteElo "2665"]
[BlackElo "2298"]
[PlyCount "69"]
[EventDate "2023.05.02"]
[EventType "swiss (blitz)"]
[EventRounds "11"]
[EventCountry "USA"]
[SourceTitle "EXT 2024"]
[Source "ChessBase"]
[SourceDate "2023.10.10"]
[SourceVersion "1"]
[SourceVersionDate "2023.10.10"]
[SourceQuality "1"]

1. e4 c5 2. Nf3 e6 3. d4 cxd4 4. Nxd4 Nc6 5. Nb5 d6 6. c4 Nf6 7. N1c3 a6 8. Nd4 Be7 9. Be2 0-0 10. 0-0 Nxd4 11. Qxd4 Bd7 12. Be3 Bc6 13. Rfd1 Qa5 14. a3 Rfd8 15. b4 Qe5 16. Qxe5 dxe5 17. f3 h6 18. c5 Nh7 19. a4 Bg5 20. Kf2 Nf6 21. b5 axb5 22. axb5 Be8 23. Rxd8 Rxd8 24. Ra7 Bxe3+ 25. Kxe3 Rc8 26. Na4 Nd7 27. Rxb7 Nxc5 28. Nxc5 Rxc5 29. Rb8 Kf8 30. b6 Ke7 31. Kd2 Bb5 32. b7 Bxe2 33. Re8+ Kxe8 34. b8Q+ Rc8 35. Qxc8+ 1-0

[Event "Titled Tuesday intern op 02nd May Late"]
[Site "Chess.com INT"]
[Date "2023.05.02"]
[Round "6"]
[White "Vaglio Munoz, Jaime"]
[Black "Ballester Llagaria, Luis Eduardo"]
[Result "0-1"]
[WhiteElo "2174"]
[BlackElo "2298"]
[PlyCount "160"]
[EventDate "2023.05.02"]
[EventType "swiss (blitz)"]
[EventRounds "11"]
[EventCountry "USA"]
[SourceTitle "EXT 2024"]
[Source "ChessBase"]
[SourceDate "2023.10.10"]
[SourceVersion "1"]
[SourceVersionDate "2023.10.10"]
[SourceQuality "1"]

1. Nf3 d5 2. c4 dxc4 3. Qa4+ Nc6 4. Ne5 Qd5 5. Nxc6 Qxc6 6. Qxc6+ bxc6 7. e3 e5 8. Bxc4 Nf6 9. Nc3 Bd6 10. d3 Ke7 11. Ke2 Rb8 12. b3 Be6 13. h3 Nd5 14. Bd2 Nxc3+ 15. Bxc3 Bxc4 16. dxc4 f6 17. e4 Bc5 18. Rhd1 Rhd8 19. Rxd8 Rxd8 20. a3 Ke6 21. b4 Bd4 22. Rd1 g5 23. g3 h5 24. f4 gxf4 25. gxf4 Rg8 26. Bxd4 exd4 27. Kf3 h4 28. Rd3 f5 29. e5 Rg3+ 30. Ke2 Rg2+ 31. Kd1 Rf2 32. Rxd4 Rf3 33. a4 Rxh3 34. Ke2 Rb3 35. b5 h3 36. Kf2 Rb2+ 37. Kg1 Ra2 38. c5 Rc2 39. b6 cxb6 40. cxb6 axb6 41. Rb4 Kd5 42. Rxb6 Rc4 43. e6 Kxe6 44. a5 Kd6 45. a6 Rxf4 46. Kh2 Rf3 47. Rb7 Ra3 48. a7 c5 49. Rf7 c4 50. Rxf5 Rxa7 51. Kxh3 Rg7 52. Ra5 Kc6 53. Kh2 Rg6 54. Kh3 Rg8 55. Kh2 Kb6 56. Ra4 Kb5 57. Ra7 Kb4 58. Rb7+ Kc3 59. Rc7 Kd3 60. Rd7+ Kc2 61. Kh3 c3 62. Kh2 Kb2 63. Rd5 c2 64. Rb5+ Kc1 65. Rd5 Rb8 66. Rf5 Kb1 67. Kg3 c1Q 68. Kg4 Qg1+ 69. Kf4 Rb4+ 70. Ke5 Rb5+ 71. Ke4 Qe1+ 72. Kd4 Rxf5 73. Kc4 Rf2 74. Kb3 Qg1 75. Kc3 Qg3+ 76. Kd4 Rf4+ 77. Ke5 Qg5+ 78. Ke6 Rf6+ 79. Ke7 Qg7+ 80. Kd8 Rf8# 0-1

[Event "Titled Tuesday intern op 25th Apr Late"]
[Site "Chess.com INT"]
[Date "2023.04.25"]
[Round "5"]
[White "Ballester Llagaria, Luis Eduardo"]
[Black "Fiorito, Francisco"]
[Result "1-0"]
[WhiteElo "2298"]
[BlackElo "2305"]
[PlyCount "169"]
[EventDate "2023.04.25"]
[EventType "swiss (blitz)"]
[EventRounds "11"]
[EventCountry "USA"]
[SourceTitle "EXT 2024"]
[Source "ChessBase"]
[SourceDate "2023.10.10"]
[SourceVersion "1"]
[SourceVersionDate "2023.10.10"]
[SourceQuality "1"]

1. e4 c5 2. Nc3 Nc6 3. Bb5 Nd4 4. Nf3 a6 5. Bd3 g6 6. 0-0 Bg7 7. Nxd4 cxd4 8. Ne2 d5 9. c3 dxe4 10. Bxe4 Nf6 11. Bd3 dxc3 12. dxc3 0-0 13. h3 b5 14. Be3 Bb7 15. Qc2 Qc7 16. a4 Qc6 17. f3 Nd5 18. Bf2 Rfc8 19. axb5 axb5 20. Rxa8 Bxa8 21. Nd4 Bxd4 22. Bxd4 Nb4 23. Qd2 Nxd3 24. Qxd3 f6 25. Ra1 Bb7 26. Bf2 Kf7 27. Ra5 Ba6 28. Qd4 Rb8 29. Qa7 Ra8 30. Qd4 e5 31. Qh4 h5 32. Qb4 g5 33. Ra1 Rd8 34. Qa5 Rd6 35. Qb4 h4 36. Qg4 Bc8 37. Qh5+ Kg7 38. Ra7+ Rd7 39. Qe8 Kh6 40. Qh8+ Kg6 41. Qg8+ Kf5 42. Ra1 Qc4 43. Qe8 Rd2 44. Rf1 Bb7 45. Qh8 Qd5 46. Qh7+ Ke6 47. Qg8+ Kd6 48. Qd8+ Ke6 49. Qe8+ Kf5 50. Qh5 Qc4 51. Qh7+ Ke6 52. Qxb7 Kf5 53. Re1 Re2 54. Rxe2 Qxe2 55. Qe4+ Qxe4 56. fxe4+ Kxe4 57. Kf1 Kd3 58. Bc5 f5 59. Be7 g4 60. Bxh4 Kc2 61. hxg4 fxg4 62. Bf6 e4 63. b4 Kd2 64. Bg5+ Kxc3 65. Ke2 Kxb4 66. Ke3 Kc5 67. Kxe4 Kd6 68. Kf4 Ke6 69. Kxg4 Kf7 70. Bc1 Kg6 71. Bb2 Kh7 72. Kf4 Kg6 73. g4 Kh6 74. g5+ Kg6 75. Kg4 Kh7 76. Kf5 Kg8 77. g6 Kf8 78. Kf6 Kg8 79. g7 b4 80. Kg6 b3 81. Kf6 Kh7 82. Kf7 Kh6 83. g8Q Kh5 84. Qg3 Kh6 85. Qg6# 1-0

[Event "Titled Tuesday intern op 21st Feb Late"]
[Site "Chess.com INT"]
[Date "2023.02.21"]
[Round "6"]
[White "Ballester Llagaria, Luis Eduardo"]
[Black "Bach, Matthias"]
[Result "1-0"]
[WhiteElo "2298"]
[BlackElo "2181"]
[PlyCount "93"]
[EventDate "2023.02.21"]
[EventType "swiss (blitz)"]
[EventRounds "11"]
[EventCountry "USA"]
[SourceTitle "CBM 212 Extra"]
[Source "ChessBase"]
[SourceDate "2023.03.31"]
[SourceVersion "1"]
[SourceVersionDate "2023.03.31"]
[SourceQuality "1"]

1. e4 e5 2. Nf3 Nc6 3. Bc4 Nf6 4. d4 exd4 5. e5 d5 6. Bb5 Ne4 7. Nxd4 Bc5 8. Be3 Bd7 9. Bxc6 bxc6 10. 0-0 Qe7 11. f3 Nd6 12. f4 Nf5 13. Bf2 Bxd4 14. Bxd4 c5 15. Bf2 d4 16. Nd2 Bc6 17. Nf3 0-0 18. Qd3 g6 19. b3 h5 20. a4 h4 21. Rae1 Rfe8 22. Ng5 Rad8 23. Qh3 f6 24. exf6 Qxf6 25. Bxh4 Re3 26. Bg3 Rde8 27. Qh7+ Kf8 28. Qxc7 R8e7 29. Nh7+ Kf7 30. Nxf6 Rxc7 31. Ng4 Rxe1 32. Rxe1 Bd5 33. Ne5+ Kg7 34. Bf2 Nd6 35. Nd3 Ne4 36. Bg3 c4 37. bxc4 Rxc4 38. Nf2 Nxg3 39. hxg3 Rxc2 40. Rd1 d3 41. Rxd3 Rc1+ 42. Kh2 Be6 43. Rd6 Bc8 44. Nd3 Rc3 45. Ne5 g5 46. Rg6+ Kh7 47. Rxg5 1-0

[Event "Titled Tuesday intern op 21st Feb Late"]
[Site "Chess.com INT"]
[Date "2023.02.21"]
[Round "8"]
[White "Ballester Llagaria, Luis Eduardo"]
[Black "Fernandez Siles, Luis"]
[Result "0-1"]
[WhiteElo "2298"]
[BlackElo "2220"]
[PlyCount "70"]
[EventDate "2023.02.21"]
[EventType "swiss (blitz)"]
[EventRounds "11"]
[EventCountry "USA"]
[SourceTitle "CBM 212 Extra"]
[Source "ChessBase"]
[SourceDate "2023.03.31"]
[SourceVersion "1"]
[SourceVersionDate "2023.03.31"]
[SourceQuality "1"]

1. e4 c5 2. Nc3 Nc6 3. Bb5 Nd4 4. Nf3 g6 5. 0-0 Bg7 6. Nxd4 cxd4 7. Ne2 Nf6 8. d3 Qb6 9. Bc4 0-0 10. a4 a5 11. Bb3 d6 12. Ng3 Be6 13. Bxe6 fxe6 14. f4 Rac8 15. b3 Qc5 16. Rf2 Qc3 17. Rb1 e5 18. f5 d5 19. fxg6 hxg6 20. Bb2 Qc5 21. exd5 Qxd5 22. Qe2 Rc6 23. Rbf1 Rfc8 24. Qd1 Qe6 25. h3 Nd5 26. Bc1 Ne3 27. Bxe3 dxe3 28. Re2 Bh6 29. Ne4 Bf4 30. Rf3 g5 31. g3 g4 32. hxg4 Qxg4 33. Qf1 Rxc2 34. Kh1 Rc1 35. gxf4 Qxf3+ 0-1

[Event "Titled Tuesday intern op 03rd Jan Late"]
[Site "Chess.com INT"]
[Date "2023.01.03"]
[Round "8"]
[White "Ballester Llagaria, Luis Eduardo"]
[Black "Pein, Jonathan"]
[Result "1-0"]
[WhiteElo "2298"]
[BlackElo "2252"]
[PlyCount "53"]
[EventDate "2023.01.03"]
[EventType "swiss (blitz)"]
[EventRounds "11"]
[EventCountry "USA"]
[SourceTitle "EXT 2024"]
[Source "ChessBase"]
[SourceDate "2023.10.10"]
[SourceVersion "1"]
[SourceVersionDate "2023.10.10"]
[SourceQuality "1"]

1. e4 e5 2. Nf3 d6 3. Nc3 Nf6 4. d4 exd4 5. Nxd4 g6 6. Bf4 Bg7 7. Qd2 0-0 8. 0-0-0 Re8 9. f3 Nc6 10. Nxc6 bxc6 11. Bc4 Be6 12. Bb3 a5 13. Bh6 Bh8 14. h4 Nd7 15. h5 Nc5 16. Bg5 Qb8 17. Qf4 a4 18. hxg6 axb3 19. gxf7+ Bxf7 20. Rxh7 Bg6 21. Rxh8+ Kxh8 22. Qf6+ Kg8 23. Qxg6+ Kf8 24. Qf6+ Kg8 25. Rh1 Nd3+ 26. cxd3 bxa2 27. Rh8# 1-0

[Event "Titled Tuesday intern op 03rd Jan Late"]
[Site "Chess.com INT"]
[Date "2023.01.03"]
[Round "10"]
[White "Indjic, Aleksandar"]
[Black "Ballester Llagaria, Luis Eduardo"]
[Result "1-0"]
[WhiteElo "2641"]
[BlackElo "2298"]
[PlyCount "73"]
[EventDate "2023.01.03"]
[EventType "swiss (blitz)"]
[EventRounds "11"]
[EventCountry "USA"]
[SourceTitle "EXT 2024"]
[Source "ChessBase"]
[SourceDate "2023.10.10"]
[SourceVersion "1"]
[SourceVersionDate "2023.10.10"]
[SourceQuality "1"]

1. e4 c5 2. Nf3 e6 3. d4 cxd4 4. Nxd4 Nc6 5. Nc3 Qc7 6. a3 a6 7. Be3 b5 8. Nxc6 dxc6 9. f3 e5 10. Qd2 Be6 11. Qf2 Nf6 12. Bd3 Be7 13. a4 b4 14. Nb1 c5 15. b3 c4 16. bxc4 Bxc4 17. 0-0 0-0 18. Nd2 Bxd3 19. cxd3 Rfd8 20. Rfc1 Qd7 21. Nc4 Qe6 22. Qe2 Nd7 23. a5 Nc5 24. Nb6 Nb3 25. Nxa8 Rxa8 26. Bb6 Nxa1 27. Rxa1 Rc8 28. d4 exd4 29. Qxa6 b3 30. Rb1 h5 31. Qb5 Bh4 32. a6 d3 33. Be3 Ra8 34. a7 Qd6 35. Qxb3 d2 36. Rd1 Be1 37. Qb7 1-0

[Event "Titled Tuesday intern op 03rd Jan Late"]
[Site "Chess.com INT"]
[Date "2023.01.03"]
[Round "4"]
[White "Shimanov, Aleksandr"]
[Black "Ballester Llagaria, Luis Eduardo"]
[Result "1-0"]
[WhiteElo "2581"]
[BlackElo "2298"]
[PlyCount "53"]
[EventDate "2023.01.03"]
[EventType "swiss (blitz)"]
[EventRounds "11"]
[EventCountry "USA"]
[SourceTitle "EXT 2024"]
[Source "ChessBase"]
[SourceDate "2023.10.10"]
[SourceVersion "1"]
[SourceVersionDate "2023.10.10"]
[SourceQuality "1"]

1. e4 c5 2. Nf3 e6 3. c3 d5 4. exd5 exd5 5. d4 Nf6 6. Bb5+ Nc6 7. 0-0 Be7 8. dxc5 Bxc5 9. Re1+ Be6 10. Be3 Bd6 11. Nbd2 0-0 12. Nb3 Ne4 13. Bd3 Bg4 14. h3 Bh5 15. Be2 a6 16. Nfd4 Bxe2 17. Qxe2 Ne5 18. Rad1 Qf6 19. Nf3 Rad8 20. Rxd5 Nxf3+ 21. Qxf3 Qxf3 22. gxf3 Nf6 23. Rd2 Nd5 24. Red1 Nxe3 25. fxe3 Be7 26. Rd7 Rxd7 27. Rxd7 1-0

[Event "Titled Tuesday intern op 27th Dec Late"]
[Site "Chess.com INT"]
[Date "2022.12.27"]
[Round "1"]
[White "Ardila, Oscar Humberto"]
[Black "Ballester Llagaria, Luis Eduardo"]
[Result "0-1"]
[WhiteElo "1997"]
[BlackElo "2298"]
[PlyCount "72"]
[EventDate "2022.12.27"]
[EventType "swiss (blitz)"]
[EventRounds "11"]
[EventCountry "USA"]
[SourceTitle "EXT 2024"]
[Source "ChessBase"]
[SourceDate "2023.10.10"]
[SourceVersion "1"]
[SourceVersionDate "2023.10.10"]
[SourceQuality "1"]

1. d4 d5 2. c4 dxc4 3. Qa4+ Nc6 4. Nf3 Nf6 5. Qxc4 Nd5 6. e4 Nb6 7. Qd3 Bg4 8. Be3 Qd7 9. Nc3 0-0-0 10. 0-0-0 Bxf3 11. gxf3 e6 12. Bh3 Kb8 13. a3 Na5 14. Kb1 Nbc4 15. Bc1 Qc6 16. d5 Qb6 17. Na4 Qb5 18. Nc3 Nxa3+ 19. Ka2 Qb3+ 20. Ka1 Nc2+ 21. Kb1 Nb4 22. Bf1 Nxd3 23. Bxd3 exd5 24. Bc2 Qc4 25. exd5 Bb4 26. Bd3 Qb3 27. Bc2 Qc4 28. Bd3 Qc5 29. Be3 Qe7 30. Nb5 Bc5 31. Rhe1 Bxe3 32. fxe3 Rxd5 33. e4 Rd7 34. Bc2 Rhd8 35. Rc1 Qb4 36. Nc3 Nb3 0-1

[Event "Titled Tuesday intern op 27th Dec Late"]
[Site "Chess.com INT"]
[Date "2022.12.27"]
[Round "5"]
[White "Subelj, Jan"]
[Black "Ballester Llagaria, Luis Eduardo"]
[Result "1/2-1/2"]
[WhiteElo "2492"]
[BlackElo "2298"]
[PlyCount "86"]
[EventDate "2022.12.27"]
[EventType "swiss (blitz)"]
[EventRounds "11"]
[EventCountry "USA"]
[SourceTitle "EXT 2024"]
[Source "ChessBase"]
[SourceDate "2023.10.10"]
[SourceVersion "1"]
[SourceVersionDate "2023.10.10"]
[SourceQuality "1"]

1. g3 d5 2. Bg2 Nf6 3. c4 dxc4 4. Na3 c6 5. Nxc4 Be6 6. Qc2 Bd5 7. Nf3 Na6 8. d3 g6 9. b3 Bg7 10. Bb2 0-0 11. 0-0 c5 12. Rac1 Rc8 13. a3 b6 14. Rfd1 Qc7 15. e4 Bc6 16. Qe2 Qb7 17. Nce5 Be8 18. d4 cxd4 19. Nxd4 Rxc1 20. Rxc1 Nd7 21. Nec6 Ne5 22. Nxe5 Bxe5 23. f4 Bxd4+ 24. Bxd4 Nc5 25. Bxc5 bxc5 26. Qe3 Bd7 27. Rxc5 Be6 28. b4 Rd8 29. f5 Ba2 30. e5 Qa6 31. b5 Qa5 32. f6 Rd1+ 33. Bf1 Qd8 34. Qh6 exf6 35. exf6 Qd4+ 36. Kg2 Rd2+ 37. Kh1 Bd5+ 38. Rxd5 Qxd5+ 39. Kg1 Qd4+ 40. Kh1 Qe4+ 41. Kg1 Qd4+ 42. Kh1 Qe4+ 43. Kg1 Qd4+ 1/2-1/2